| 000 | 00708nas a2200241 4500 | ||
|---|---|---|---|
| 001 | BR2015005196 | ||
| 003 | BR-BrBNA | ||
| 005 | 20231205125719.0 | ||
| 007 | ta | ||
| 008 | 230509b bl.|||p| |||| 00| 00por d | ||
| 040 |
_aBR-BrBNA _bpor _cBiblioteca Nacional de Agricultura |
||
| 041 | _a(Pt) | ||
| 072 | _aP05 | ||
| 100 | 1 | _aCollares, D. | |
| 245 | 1 | _aDendê: importante matéria-prima para a produção do biodiesel | |
| 650 | _aDENDE | ||
| 650 | _aBIOCOMBUSTIVEL | ||
| 650 | _aPRODUCAO | ||
| 650 | _aPROJETO DE DESENVOLVIMENTO | ||
| 773 | 0 |
_tAgroenergia em Revista (Brazil) _xISSN _g(Mayo 2011), v. 2(2) p. 39 _wBR2015005196 |
|
| 909 |
_a202311 _bLúcia _c55 _dLúcia Elande |
||
| 942 |
_2AGRIS _n0 _cANA |
||
| 999 |
_c245719 _d245719 |
||